[Event "SRB-chT2 West"]
[Site "Sabac"]
[Date "2014.09.28"]
[Round "6.4"]
[White "Matovic, Petar"]
[Black "Nenadovic, Ljubisa"]
[Result "1-0"]
[WhiteElo "2213"]
[BlackElo "2190"]
[PlyCount "43"]
[EventDate "2014.09.25"]
[EventType "team-swiss"]
[EventRounds "6"]
[EventCountry "SRB"]
[SourceTitle "EXT 2015"]
[Source "ChessBase"]
[SourceDate "2014.11.20"]
[SourceVersion "1"]
[SourceVersionDate "2014.11.20"]
[SourceQuality "1"]

1. d4 Nf6 2. Bg5 Ne4 3. Bf4 c5 4. d5 d6 5. f3 Nf6 6. e4 a6 7. a4 g6 8. Nc3 Bg7 9. Qd2 0-0 10. Nge2 Re8 11. Bh6 Bh8 12. Ng3 e6 13. dxe6 Bxe6 14. Be2 Nc6 15. 0-0 d5 16. exd5 Nxd5 17. Nxd5 Qxd5 18. Qxd5 Bxd5 19. c3 Bb3 20. Rfe1 Rad8 21. Ne4 Rd5 22. Bc4 1-0

[Event "SRB-chT2 West"]
[Site "Sabac"]
[Date "2014.09.27"]
[Round "4.6"]
[White "Nenadovic, Ljubisa"]
[Black "Kuzmanovic, Aleksa"]
[Result "1/2-1/2"]
[WhiteElo "2190"]
[BlackElo "1813"]
[PlyCount "137"]
[EventDate "2014.09.25"]
[EventType "team-swiss"]
[EventRounds "6"]
[EventCountry "SRB"]
[SourceTitle "EXT 2015"]
[Source "ChessBase"]
[SourceDate "2014.11.20"]
[SourceVersion "1"]
[SourceVersionDate "2014.11.20"]
[SourceQuality "1"]

1. d4 Nf6 2. c4 g6 3. Nc3 d5 4. Bf4 Bg7 5. e3 0-0 6. Rc1 c5 7. Nf3 Qa5 8. Qd2 dxc4 9. Bxc4 Bf5 10. e4 Bg4 11. Ne5 cxd4 12. Qxd4 Nfd7 13. Bd5 Nc6 14. Bxc6 bxc6 15. Nxc6 Qa6 16. Nxe7+ Kh8 17. Qe3 Ne5 18. Bxe5 Bxe5 19. f3 Be6 20. Ned5 Rac8 21. Qe2 Qd6 22. Qd2 Rfd8 23. Rd1 Qc5 24. Qe2 Rb8 25. Qe3 Qa5 26. 0-0 Rxb2 27. Rd3 Rbb8 28. Rfd1 a6 29. f4 Bxd5 30. Nxd5 Bg7 31. R3d2 Bf8 32. Qd4+ Bg7 33. Qa7 Rf8 34. e5 Qb5 35. g3 Rb7 36. Qe3 Re8 37. Nc3 Qc6 38. Ne4 Rb4 39. Nd6 Rf8 40. h4 Qb6 41. Qxb6 Rxb6 42. Rc1 Kg8 43. Rc7 Rd8 44. Rdc2 f6 45. Rc8 Rb8 46. e6 Bf8 47. Rxb8 Rxb8 48. Rc8 Rxc8 49. Nxc8 Bc5+ 50. Kg2 f5 51. Kf3 Kf8 52. g4 h5 53. gxh5 gxh5 54. Kg3 Ke8 55. a4 a5 56. Kf3 Kd8 57. e7+ Bxe7 58. Nb6 Bxh4 59. Nc4 Be1 60. Nd6 Ke7 61. Nxf5+ Kf6 62. Ne3 Bd2 63. Ng2 Kf5 64. Nh4+ Kf6 65. Ke4 Bc1 66. Nf3 Bb2 67. Nh4 Bc1 68. Ng2 Bd2 69. Nh4 1/2-1/2

[Event "SRB-chT Central"]
[Site "Kragujevac"]
[Date "2013.09.20"]
[Round "9.3"]
[White "Nenadovic, Ljubisa"]
[Black "Tasic, Vladimir"]
[Result "0-1"]
[WhiteElo "2189"]
[BlackElo "2242"]
[PlyCount "88"]
[EventDate "2013.09.14"]
[EventType "team-tourn"]
[EventRounds "11"]
[EventCountry "SRB"]
[SourceTitle "CBM 156 Extra"]
[Source "ChessBase"]
[SourceDate "2013.10.22"]
[SourceVersion "1"]
[SourceVersionDate "2013.10.22"]
[SourceQuality "1"]
[WhiteTeam "Vladimirci"]
[BlackTeam "Kraljevo Sloga Turist"]
[WhiteTeamCountry "SRB"]
[BlackTeamCountry "SRB"]

1. d4 d5 2. c4 dxc4 3. Nf3 a6 4. e3 Nf6 5. Bxc4 e6 6. Nc3 c5 7. 0-0 Be7 8. Qe2 b5 9. Bd3 Nbd7 10. Rd1 Bb7 11. e4 b4 12. Na4 cxd4 13. Nxd4 Qa5 14. b3 0-0 15. Bb2 Rfd8 16. Rac1 Rac8 17. Bb1 Rxc1 18. Rxc1 Nc5 19. Nxc5 Bxc5 20. Nf3 Ng4 21. Rf1 Qb5 22. Qxb5 axb5 23. Bc2 f5 24. exf5 exf5 25. Bxf5 Bxf3 26. gxf3 Nxf2 27. Kg2 Rd2 28. Bc1 Rxa2 29. Kg3 g6 30. Be6+ Kg7 31. Bf4 Nd3 32. Bb8 Bf2+ 33. Kh3 Ba7 34. Bc7 Rc2 35. Bg3 Nf2+ 36. Bxf2 Bxf2 37. Bd7 Be3 38. Kg3 g5 39. h4 h6 40. hxg5 hxg5 41. Ra1 Bf4+ 42. Kg4 Kf6 43. Ra6+ Ke5 44. Bxb5 Rh2 0-1

[Event "Belgrade Trophy 21st"]
[Site "Obrenovac"]
[Date "2008.12.05"]
[Round "9"]
[White "Nenadovic, Ljubisa"]
[Black "Vujosevic, Dimitrije"]
[Result "1-0"]
[WhiteElo "2197"]
[BlackElo "1964"]
[PlyCount "86"]
[EventDate "2008.11.27"]
[EventType "swiss"]
[EventRounds "9"]
[EventCountry "YUG"]
[SourceTitle "CBM 127 Extra"]
[Source "ChessBase"]
[SourceDate "2009.01.08"]
[SourceVersion "2"]
[SourceVersionDate "2009.01.28"]
[SourceQuality "1"]

1. d4 Nf6 2. c4 e6 3. Nf3 b6 4. g3 Bb7 5. Bg2 d6 6. 0-0 Nbd7 7. Nc3 Be7 8. d5 e5 9. Nh4 g6 10. e4 Nh5 11. Nf5 Bf8 12. f4 Ng7 13. Nxg7+ Bxg7 14. f5 Qe7 15. Qf3 g5 16. Nb5 Kd8 17. f6 Bxf6 18. Bh3 Bg7 19. Qxf7 Bf6 20. Qxe7+ Bxe7 21. Rf7 h6 22. Be3 a6 23. Nxc7 Rc8 24. Bxd7 Kxd7 25. Bxb6 Rcf8 26. Rxf8 Rxf8 27. Ne6 Rf6 28. Ng7 Bc8 29. Rf1 Rxf1+ 30. Kxf1 Bf8 31. Ne6 Be7 32. c5 dxc5 33. Bxc5 Bf6 34. Be3 Ke7 35. Nc5 h5 36. b4 Kd6 37. a4 Bd8 38. Ke2 h4 39. Nd3 hxg3 40. hxg3 Bf6 41. b5 axb5 42. axb5 Kc7 43. b6+ Kb8 1-0

[Event "Belgrade Trophy 21st"]
[Site "Obrenovac"]
[Date "2008.12.04"]
[Round "8"]
[White "Mihajlovic, Miodrag"]
[Black "Nenadovic, Ljubisa"]
[Result "0-1"]
[WhiteElo "2201"]
[BlackElo "2197"]
[PlyCount "118"]
[EventDate "2008.11.27"]
[EventType "swiss"]
[EventRounds "9"]
[EventCountry "YUG"]
[SourceTitle "CBM 127 Extra"]
[Source "ChessBase"]
[SourceDate "2009.01.08"]
[SourceVersion "2"]
[SourceVersionDate "2009.01.28"]
[SourceQuality "1"]

1. Nf3 c5 2. c4 Nf6 3. d4 e6 4. Nc3 a6 5. g3 Qc7 6. Bg2 cxd4 7. Qxd4 Nc6 8. Qd1 Na5 9. 0-0 Nxc4 10. b3 Na5 11. Bb2 Be7 12. Rc1 Nc6 13. e4 d6 14. Qe2 0-0 15. Rfd1 Qb8 16. Na4 Nd7 17. Qd2 Rd8 18. Qe3 b5 19. Nb6 Qxb6 20. Qxb6 Nxb6 21. Rxc6 Rb8 22. Ba3 Bd7 23. Rc7 Na8 24. Ra7 b4 25. Bb2 Bf8 26. Nd4 Rb6 27. Nc2 e5 28. Ne3 f6 29. Nd5 Rbb8 30. Rxa6 Be6 31. Rxa8 Rxa8 32. Nc7 Bg4 33. Nxa8 Bxd1 34. Nb6 Rb8 35. Nd5 Bc2 36. Bc1 Bb1 37. Bd2 Bxa2 38. Nxb4 Bxb3 39. Bf3 Bc4 40. h4 g6 41. g4 Kf7 42. Kg2 Be7 43. Kg3 Bd8 44. Nc6 Rc8 45. Nxd8+ Rxd8 46. Ba5 Rd7 47. Bb4 d5 48. exd5 Bxd5 49. Bxd5+ Rxd5 50. Be1 Rd3+ 51. Kg2 e4 52. Ba5 Ke6 53. Bc7 f5 54. gxf5+ gxf5 55. Bf4 Rf3 56. Be3 f4 57. Bb6 Kf5 58. Bd8 Kg4 59. Be7 e3 0-1

[Event "Belgrade Trophy 21st"]
[Site "Obrenovac"]
[Date "2008.11.28"]
[Round "2"]
[White "Chirila, Ioan Cristian"]
[Black "Nenadovic, Ljubisa"]
[Result "1-0"]
[WhiteElo "2462"]
[BlackElo "2197"]
[PlyCount "77"]
[EventDate "2008.11.27"]
[EventType "swiss"]
[EventRounds "9"]
[EventCountry "YUG"]
[SourceTitle "CBM 127 Extra"]
[Source "ChessBase"]
[SourceDate "2009.01.08"]
[SourceVersion "2"]
[SourceVersionDate "2009.01.28"]
[SourceQuality "1"]

1. e4 c5 2. Nf3 e6 3. d4 cxd4 4. Nxd4 Nf6 5. Nc3 Bb4 6. e5 Nd5 7. Qg4 0-0 8. Bh6 g6 9. Bxf8 Qxf8 10. Qg3 Qc5 11. Nde2 Nc6 12. 0-0-0 Nxc3 13. Nxc3 Bxc3 14. Qxc3 Qxc3 15. bxc3 Nxe5 16. Be2 Kf8 17. f4 Nc6 18. Rd3 Rb8 19. Bf3 Na5 20. g4 d5 21. f5 Ke7 22. Re1 Kd6 23. Bg2 Bd7 24. Rh3 Rh8 25. fxg6 fxg6 26. Rf1 Ke7 27. Rhf3 h5 28. Rf7+ Kd6 29. g5 Nc6 30. Rg7 Ne5 31. Re1 Rd8 32. c4 Nxc4 33. Rxg6 h4 34. Rg7 Ne5 35. Bh3 Bc8 36. Rf1 a5 37. Rf6 Bd7 38. g6 Rc8 39. Rxd7+ 1-0

[Event "Belgrade Trophy 21st"]
[Site "Obrenovac"]
[Date "2008.11.27"]
[Round "1"]
[White "Nenadovic, Ljubisa"]
[Black "Masovic, Bogosav"]
[Result "1-0"]
[WhiteElo "2197"]
[BlackElo "1837"]
[PlyCount "99"]
[EventDate "2008.11.27"]
[EventType "swiss"]
[EventRounds "9"]
[EventCountry "YUG"]
[SourceTitle "CBM 127 Extra"]
[Source "ChessBase"]
[SourceDate "2009.01.08"]
[SourceVersion "2"]
[SourceVersionDate "2009.01.28"]
[SourceQuality "1"]

1. d4 d5 2. Nf3 Bf5 3. c4 c6 4. Nc3 e6 5. Qb3 Qb6 6. Na4 Qxb3 7. axb3 Bb4+ 8. Bd2 Bxd2+ 9. Kxd2 Nd7 10. e3 Ngf6 11. Bd3 Bxd3 12. Kxd3 Ne4 13. Rhf1 0-0 14. Ng1 Rfd8 15. f3 Nd6 16. c5 Nb5 17. f4 f6 18. Nf3 Re8 19. Nc3 Nxc3 20. bxc3 e5 21. fxe5 fxe5 22. Nd2 exd4 23. cxd4 Nf6 24. Rf4 Nd7 25. b4 a6 26. e4 dxe4+ 27. Nxe4 Rf8 28. Raf1 Rxf4 29. Rxf4 b5 30. cxb6 Nxb6 31. Rf5 Nd5 32. Nc3 Nxb4+ 33. Kc4 a5 34. Re5 Kf7 35. Ne4 Nd5 36. Kc5 Ne7 37. Ng5+ Kf6 38. Nxh7+ Kf7 39. Ng5+ Kf6 40. h4 a4 41. Re6+ Kf5 42. Rxe7 a3 43. Re1 a2 44. Ra1 Ra6 45. Nf3 Ke4 46. Ne5 Ra5+ 47. Kb6 Rb5+ 48. Kxc6 Rb2 49. Nc4 Kd3 50. Rd1+ 1-0

[Event "Novi Sad op"]
[Site "Novi Sad"]
[Date "2007.03.24"]
[Round "7"]
[White "Panic, Nenad"]
[Black "Nenadovic, Ljubisa"]
[Result "1/2-1/2"]
[WhiteElo "2369"]
[BlackElo "2196"]
[PlyCount "128"]
[EventDate "2007.03.18"]
[EventType "swiss"]
[EventRounds "9"]
[EventCountry "YUG"]
[SourceTitle "CBM 117 Extra"]
[Source "ChessBase"]
[SourceDate "2007.05.09"]
[SourceVersion "1"]
[SourceVersionDate "2007.05.09"]
[SourceQuality "1"]

1. f4 g6 2. Nf3 Bg7 3. e3 d6 4. Bc4 c5 5. 0-0 Nf6 6. Bb5+ Bd7 7. Bxd7+ Qxd7 8. d3 Nc6 9. c4 d5 10. Qe2 dxc4 11. dxc4 Rd8 12. Nc3 Qd3 13. Qxd3 Rxd3 14. Kf2 0-0 15. Ke2 Rd7 16. Bd2 Rfd8 17. Rad1 e6 18. Bc1 Rxd1 19. Rxd1 Rxd1 20. Kxd1 Ne8 21. Bd2 Nd6 22. b3 b6 23. Ng5 h6 24. Nge4 Nxe4 25. Nxe4 Kf8 26. a3 Bb2 27. a4 Ke7 28. Nc3 f5 29. Kc2 Bxc3 30. Bxc3 e5 31. fxe5 Ke6 32. h3 Nxe5 33. a5 g5 34. axb6 axb6 35. Be1 Ng6 36. Kd3 Ne5+ 37. Ke2 f4 38. exf4 gxf4 39. g4 fxg3 40. Bxg3 Nc6 41. Kd3 Kd7 42. Be1 Ke6 43. Ke4 Nd4 44. b4 Nc2 45. Bd2 h5 46. b5 Nd4 47. Bf4 Kd7 48. Be5 Nb3 49. Kd5 Na5 50. Bc3 Nb7 51. h4 Nd6 52. Bf6 Nb7 53. Be5 Na5 54. Bf4 Nb7 55. Ke5 Nd6 56. Kf6 Nxc4 57. Kg6 Ke6 58. Kxh5 Kf5 59. Bc7 Na3 60. Bxb6 c4 61. Kh6 Nxb5 62. h5 Nd6 63. Bd4 Nf7+ 64. Kg7 Kg5 1/2-1/2

[Event "SRB-chT3 North"]
[Site "Serbia"]
[Date "2007.??.??"]
[Round "1.4"]
[White "Todorovic, Goran Z"]
[Black "Nenadovic, Ljubisa"]
[Result "1/2-1/2"]
[WhiteElo "1875"]
[BlackElo "2200"]
[PlyCount "80"]
[EventDate "2007.09.02"]
[EventType "team"]
[EventRounds "11"]
[EventCountry "SRB"]
[SourceTitle "EXT 2012"]
[Source "ChessBase"]
[SourceDate "2011.11.24"]
[SourceVersion "1"]
[SourceVersionDate "2011.11.24"]
[SourceQuality "1"]
[WhiteTeam "Drina Ljubovija"]
[BlackTeam "Vladimirci"]
[WhiteTeamCountry "SRB"]
[BlackTeamCountry "SRB"]

1. e4 c5 2. Nf3 a6 3. d4 cxd4 4. Nxd4 Nf6 5. Nc3 e5 6. Nf3 Bb4 7. Bd2 Nc6 8. Bd3 d5 9. exd5 Nxd5 10. Be4 Nxc3 11. Bxc6+ bxc6 12. Bxc3 Bxc3+ 13. bxc3 Qxd1+ 14. Rxd1 Bg4 15. Rb1 Bxf3 16. gxf3 0-0-0 17. Rb6 Kc7 18. Rxa6 Ra8 19. Rxa8 Rxa8 20. Kd2 Rxa2 21. h4 h5 22. Kd3 Kd6 23. Rb1 Ra4 24. Rb4 Rxb4 25. cxb4 g5 26. Ke4 gxh4 27. f4 f5+ 28. Kf3 e4+ 29. Kg2 Kd5 30. Kh3 Kc4 31. Kxh4 Kxb4 32. Kxh5 Kc3 33. Kg5 Kxc2 34. Kxf5 Kd3 35. Kg4 Kd4 36. Kg5 c5 37. f5 c4 38. f6 c3 39. f7 c2 40. f8Q c1Q+ 1/2-1/2

[Event "Belgrade Trophy 19th"]
[Site "Belgrade"]
[Date "2006.11.27"]
[Round "6"]
[White "Nenadovic, Ljubisa"]
[Black "Dabovic, Vladimir"]
[Result "1-0"]
[WhiteElo "2196"]
[BlackElo "1969"]
[PlyCount "47"]
[EventDate "2006.11.22"]
[EventType "swiss"]
[EventRounds "9"]
[EventCountry "YUG"]
[SourceTitle "CBM 115 Extra"]
[Source "ChessBase"]
[SourceDate "2007.01.10"]
[SourceVersion "1"]
[SourceVersionDate "2007.01.10"]
[SourceQuality "1"]

1. d4 c5 2. d5 Nf6 3. Nc3 g6 4. e4 d6 5. f4 Bg7 6. Nf3 Nbd7 7. e5 dxe5 8. fxe5 Ng4 9. e6 Nde5 10. Bb5+ Kf8 11. 0-0 Qb6 12. Qe2 Nxf3+ 13. Rxf3 Bd4+ 14. Kh1 h5 15. Bf4 c4 16. d6 Nf6 17. d7 a6 18. Bxc4 Bxc3 19. dxc8Q+ Rxc8 20. bxc3 Qc6 21. Bb3 Ne4 22. Be5 Rh7 23. Rd1 h4 24. Bd5 1-0

[Event "SRB-chT3 North"]
[Site "Serbia"]
[Date "2006.??.??"]
[Round "1"]
[White "Nenadovic, Ljubisa"]
[Black "Mitrovic, Jovica"]
[Result "1/2-1/2"]
[WhiteElo "2196"]
[BlackElo "2169"]
[PlyCount "35"]
[EventDate "2006.09.10"]
[EventType "team"]
[EventRounds "11"]
[EventCountry "SRB"]
[SourceTitle "EXT 2012"]
[Source "ChessBase"]
[SourceDate "2011.11.24"]
[SourceVersion "1"]
[SourceVersionDate "2011.11.24"]
[SourceQuality "1"]

1. d4 Nf6 2. c4 g6 3. Nc3 Bg7 4. e4 d6 5. f4 c5 6. d5 0-0 7. Nf3 e6 8. Be2 exd5 9. cxd5 Re8 10. e5 dxe5 11. fxe5 Ng4 12. Bg5 Qb6 13. 0-0 Nxe5 14. d6 Bf5 15. Nd5 Qxb2 16. Nc7 Nbd7 17. Nxa8 Rxa8 18. Nxe5 1/2-1/2

[Event "Belgrade GMA op"]
[Site "Belgrade"]
[Date "1988.??.??"]
[Round "?"]
[White "Gunawan, Ronny"]
[Black "Nenadovic, Ljubisa"]
[Result "0-1"]
[WhiteElo "2440"]
[BlackElo "2245"]
[PlyCount "80"]
[EventDate "1988.12.??"]
[EventType "swiss"]
[EventRounds "9"]
[EventCountry "YUG"]
[SourceTitle "TD"]
[Source "ChessBase"]
[SourceDate "1994.03.01"]
[SourceVersion "1"]
[SourceVersionDate "1994.03.01"]
[SourceQuality "1"]

1. d4 Nf6 2. c4 c5 3. d5 e6 4. Nc3 exd5 5. cxd5 d6 6. Nf3 g6 7. Bf4 a6 8. a4 Bg7 9. e3 Bg4 10. Qb3 Bxf3 11. gxf3 b6 12. a5 Nh5 13. Bxd6 Qxd6 14. Ne4 Qe5 15. axb6 Qxb2 16. Qxb2 Bxb2 17. Ra2 Bg7 18. Bb5+ axb5 19. Rxa8 0-0 20. Ke2 Nf6 21. Nxf6+ Bxf6 22. f4 b4 23. Rc1 Bc3 24. Kd3 f5 25. f3 Kg7 26. Rc2 Nd7 27. Ra7 Rd8 28. e4 Kh6 29. Rb7 g5 30. Ra2 gxf4 31. Raa7 fxe4+ 32. fxe4 Ne5+ 33. Kc2 f3 34. Rxh7+ Kg6 35. Rag7+ Kf6 36. Rg1 f2 37. Rf1 Bd4 38. Rh5 c4 39. Rf5+ Kg6 40. b7 b3+ 0-1

[Event "Belgrade GMA op"]
[Site "Belgrade"]
[Date "1988.??.??"]
[Round "?"]
[White "Nenadovic, Ljubisa"]
[Black "Taimanov, Mark E"]
[Result "0-1"]
[WhiteElo "2245"]
[BlackElo "2480"]
[PlyCount "150"]
[EventDate "1988.12.??"]
[EventType "swiss"]
[EventRounds "9"]
[EventCountry "YUG"]
[SourceTitle "TD"]
[Source "ChessBase"]
[SourceDate "1994.03.01"]
[SourceVersion "1"]
[SourceVersionDate "1994.03.01"]
[SourceQuality "1"]

1. d4 Nf6 2. c4 e6 3. Nf3 Bb4+ 4. Bd2 a5 5. g3 d5 6. cxd5 exd5 7. Bg2 0-0 8. 0-0 Re8 9. Bg5 Nbd7 10. a3 Bd6 11. Nc3 c6 12. Qc2 h6 13. Bxf6 Nxf6 14. Rfe1 Bd7 15. Nd2 Bf8 16. Rad1 Bg4 17. Nf3 Bd6 18. e4 dxe4 19. Nxe4 Nxe4 20. Rxe4 Rxe4 21. Qxe4 Be6 22. Ne5 Qb6 23. Rd2 Rd8 24. Qc2 Be7 25. Qc3 Bf6 26. f4 Bd5 27. Bxd5 Rxd5 28. Kg2 Qd8 29. b4 axb4 30. axb4 Rb5 31. Rb2 Qd5+ 32. Kf2 Be7 33. Ke3 Qe6 34. Kd3 f6 35. Nf3 Qf5+ 36. Ke3 Bd6 37. Qc4+ Qd5 38. Kd3 Rxb4 39. Qxd5+ cxd5 40. Ra2 Rb3+ 41. Ke2 g5 42. f5 Kf7 43. Ra5 g4 44. Ng1 Ke7 45. Kf1 Kd7 46. Ne2 Ra3 47. Rxa3 Bxa3 48. Nf4 Kc6 49. Ke2 Bc1 50. Nh5 Bg5 51. Kd3 b5 52. Kc3 Kb6 53. Kb4 Kc6 54. Kc3 Kc7 55. Kb3 Kb7 56. Ng7 Be3 57. Kc3 b4+ 58. Kxb4 Bxd4 59. Ne6 Bg1 60. Nf4 Kc6 61. Nh5 Bd4 62. Kb3 Kd6 63. Kc2 Ke5 64. Kd3 Bg1 65. Ke2 Kxf5 66. Nf4 Ke4 67. Nh5 Bd4 68. Nf4 f5 69. Kf1 Be3 70. Nh5 Bg5 71. Ng7 Ke5 72. Ke2 f4 73. gxf4+ Bxf4 74. h3 gxh3 75. Kf3 d4 0-1